000 00281 a2200109 4500
001 68577
040 _cAnchieta - Itaigara
240 1 0 _aA corrida do espaço
_l
245 1 0 _aA corrida do espaço
650 4 _aDocumentários, mídia educacional, jornalismo e publicidade
942 _cMX
999 _c68577
_d68577